Historia de la democracia cristiana : en Francia /

Guardado en:
Detalles Bibliográficos
Autor principal: Vaussard, Maurice (autor)
Formato: Libro
Idioma:Francés
Publicado: Buenos Aires, Argentina : Ciudad y Espíritu, 1959, c1959
Colección:(Historia de la Democracia Cristiana ; 2)
Temas:
Etiquetas: Agrega una etiqueta
Sin etiquetas, Sé el primero en etiquetar este registro!

MARC

LEADER 00000nam^a2200000^a^4500
001 000452254
005 20250521000000.0
009 20260310123832.938
037 |a Acervo ITESO - Biblioteca 
041 |a FRA 
082 |a 324. 21072  |b HIS V. 2 
100 |a Vaussard, Maurice  |e (autor) 
240 1 1 |a [Historia de la democracia cristiana] 
245 1 0 |a Historia de la democracia cristiana :  |b en Francia /  |c M. Vaussard. 
264 4 |a Buenos Aires, Argentina :  |b Ciudad y Espíritu,  |c 1959, c1959 
300 |a 257 p. 
336 |a texto  |b txt  |2 rdacontenido 
337 |a sin mediación  |b n  |2 rdamedio 
338 |a volumen  |b nc  |2 rdasoporte 
440 1 |a (Historia de la Democracia Cristiana ;  |v 2) 
500 |a Traducción de: Histoire de la Démocratie Chrétienne: France 
561 |a Ex libris de Librería Editorial Sn. Ignacio S.A. 
649 |a XX 
650 |a Partido Demócrata Cristiano -  |z Francia 
650 |a Partidos Católicos y Democristianos -  |z Francia 
650 |a Partidos Políticos -  |z Francia 
650 |a Proceso Político -  |z Francia 
650 |a Democracia Cristiana -  |z Francia -  |x Tema Principal 
650 |a Cristianismo y Política -  |z Francia 
650 |a Política y Religión -  |z Francia 
650 |a Política -  |z Francia -  |x Historia -  |y Siglo XIX 
650 |a Política -  |z Francia -  |x Historia -  |y Siglo XX 
910 |a Fondo Efraín González Morfín 
920 |a Impresos - Libros 
930 |a Fondos Especiales 
905 |a 130 
901 |a 0500383938  |b IT2  |c ESL  |i D93932  |u 20250521 
902 |a https://opac.biblio.iteso.mx/vufind/Record/000452254